Principles of physics

Enregistré dans:
Détails bibliographiques
Auteur principal: Bueche, Frederick J
Format: Livre
Langue:Undetermined
Publié: New York McGraw-Hill 1995
Sujets:
Tags: Ajouter un tag
Pas de tags, Soyez le premier à ajouter un tag!
Thư viện lưu trữ: Trung tâm Học liệu Trường Đại học Cần Thơ
LEADER 00489nam a2200193Ia 4500
001 CTU_22598
008 210402s9999 xx 000 0 und d
020 |b 95df 
082 |a 530 
082 |b B928 
100 |a Bueche, Frederick J 
245 0 |a Principles of physics 
245 0 |c Frederick J Bueche, David E Jerde 
260 |a New York 
260 |b McGraw-Hill 
260 |c 1995 
650 |a Physics 
904 |i Minh 
980 |a Trung tâm Học liệu Trường Đại học Cần Thơ